|
|
|
|
| LEADER |
00922nam a2200229 a 4500 |
| 008 |
090719s1994 enk 000 1 eng d |
| 020 |
|
|
|a 0452273056
|
| 020 |
|
|
|a 0099759918
|
| 082 |
0 |
0 |
|a 813/.54
|2 20
|
| 100 |
1 |
|
|a Morrison, Toni.
|
| 245 |
1 |
4 |
|a The bluest eye /
|c Toni Morrison.
|
| 260 |
|
|
|a London :
|b Vintage,
|c 1994.
|
| 300 |
|
|
|a 172 p. ;
|c 20 cm.
|
| 541 |
1 |
|
|e 00010085
|
| 650 |
|
0 |
|a African Americans
|v Fiction.
|
| 650 |
|
0 |
|a Girls
|v Fiction.
|
| 651 |
|
0 |
|a Ohio
|v Fiction.
|
| 852 |
4 |
|
|a Ayesha Abed Library
|j General shelf
|
| 942 |
0 |
0 |
|0 1
|
| 999 |
|
|
|c 2853
|d 2853
|
| 952 |
|
|
|0 0
|1 4
|2 ddc
|4 0
|6 813_540000000000000_TON
|7 0
|9 2608
|a BRACUL
|b BRACUL
|c GEN
|d 2009-07-27
|g 0.00
|l 0
|o 813.54 TON
|p 3010010085
|r 2009-07-27
|t 1
|w 2009-07-27
|y BK
|x No price found in the accession register.
|
| 952 |
|
|
|0 0
|1 0
|2 ddc
|4 0
|6 813_540000000000000_TON
|7 0
|9 16277
|a BRACUL
|b BRACUL
|c GEN
|d 2011-05-05
|l 21
|m 105
|o 813.54 TON
|p 3010014212
|r 2025-10-22
|s 2025-07-03
|t 2
|w 2011-05-05
|y BK
|